1040 1923 1730 1241 1351 1223 1069 1814 1239 1370 1720 1232 1018 1954 1453 1568 1822 1255 1774 1562 1583 1758 1465 1071 1016 1699 1338 1656 1502 1450 1828 1449 1510 1200 1200 1408 1547 1436 1738 1715 1949 1491 1345 1643 1757 1804 1112 1233 1956 1906 1194 1939 1479 1752 1882 1972 1881 1116 1609 1074 1854 1950 1129 1589 1616 1241 1809 1551 1555 1505 1770 1265 1938 1877 1142 1913 1829 1962 1044 1043 1044 1470 1464 1140 1324 1455 1121 1745 1103 1606 1573 1241 1381 1359 1753 1086 1687 1651 1577 BCNSPRNW ULIB Ver.6.0+V

เปลี่ยนเป็นภาษาไทย

Change to English
 แสดงรายละเอียดบรรณานุกรม
  กลับหน้าหลัก

Brief Record : Get Marc (ISO 2709) : E-mail record : QR code < ปิดหน้าต่าง
LEADER : 00000nam 2200000uu 4500
001    13399112858
003     ULIB
008    110914s2550||||th 000 0 tha d
020    9749471776
090    นว.^bร151ส
100 0  ร่มแก้ว
245 00 สุดแดนหัวใจ ขอฝากหัวใจไว้ที่เธอ/^cร่มแก้ว
250    พิมพ์ครั้งที่ 1
260    กรุงเทพฯ :^bพิมพ์คำ,^c2550
300    318 หน้า
945    ^p200^l0^i14460
995    กัณชพร
999     ^aใช้งานได้ทุกระบบ
รายการนี้ยังไม่มีแท็ก
คุณยังไม่ได้ล็อกอิน คุณสามารถมีกิจกรรมร่วมกับเว็บไซต์ได้ แต่ต้องล็อกอินก่อน ::
  ล็อกอิน

รายการสื่อสารสนเทศ

ลำดับที่ ประเภท เลขเรียก/บาร์โค้ด สถานที่ สถานะ
1. นวนิยาย
นวนิยาย
นว. ร151ส  
  Barcode: 14460
ห้องสมุดวิทยาเขตสวรรค์ประชารักษ์
►นวนิยาย
ถูกยืม กำหนดส่งวันที่ 16 ธันวาคม 2559
  จอง

รายการใกล้เคียง
    ผู้แต่ง [ร่มแก้ว]

BibComment


ยังไม่เคยถูกคอมเมนท์

คอมเมนท์ทรัพยากรรายการนี้
  คอมเมนท์: สุดแดนหัวใจ ขอฝาก..


 Copyright 2026. Bcnsprnw @Library